Механическая обработка пластмасс. Фрезерование

Bibliographische Detailangaben
Weitere Verfasser: Семко М. Ф., Баскаков И. Г., Дрожжин В. И., Качер В. А.
Sprache:Russisch
Veröffentlicht: Москва, Машиностроение, 1965
Schlagworte:
Format: MixedMaterials Buch
KOHA link:https://koha.lib.tpu.ru/cgi-bin/koha/opac-detail.pl?biblionumber=120720

MARC

LEADER 00000nam0a2200000 4500
001 120720
005 20231031125127.0
035 |a (RuTPU)RU\TPU\book\130723 
090 |a 120720 
100 |a 20070904d1965 km y0rusy50 ca 
101 0 |a rus 
102 |a RU 
105 |a a z 001zy 
200 1 |a Механическая обработка пластмасс. Фрезерование  |f М. Ф. Семко [и др.] 
210 |a Москва  |c Машиностроение  |d 1965 
215 |a 132 с.  |c ил. 
320 |a Библиогр.: с. 129-130. 
610 1 |a механическая обработка 
610 1 |a пластмассы 
610 1 |a фрезерование 
675 |a 679.5  |v 3 
675 |a 621.914.02  |v 3 
701 1 |a Семко  |b М. Ф. 
701 1 |a Баскаков  |b И. Г. 
701 1 |a Дрожжин  |b В. И. 
701 1 |a Качер  |b В. А. 
801 1 |a RU  |b 63413507  |c 20070904  |g PSBO 
801 2 |a RU  |b 63413507  |c 20160617  |g PSBO 
942 |c BK